Cathédrales et églises de France en images - Clic quiz - #2 - Statistiques

Statistiques générales
  • Ce quiz a été pris 105 fois
  • Le résultat moyen est 6 sur 8
Statistiques - réponses
Hint Réponse % Correct
Paris
96%
Lourdes
90%
Clermont-Ferrand
89%
Bourges
77%
Périgueux
63%
Thionville
56%
Evreux
51%
Nevers
44%
Aucun quiz correspondant
Distribution des résultats
% des personnes avec chaque résultat
Percentile par nombre de réponses
Votre historique - résultats
Vous n’avez pas pris ce quiz